02224cam a22003014a 45000010009000000050017000090080041000260100015000670200025000820200022001070350024001290400050001530820021002031000027002242450072002512600103003233000051004265000027004775000025005045040031005295051085005606500032016456530025016776550024017029420021017269990017017479520158017641698542320201128021124.0110930s2012 xxkadk frbd 001 0 eng d a2011040033 a9780273731863 (pbk.) a0273731866 (pbk.) a(OCoLC)ocn755904551 aDLCbengcDLCdYDXdCDXdYDXCPdDLCdEG-ScBUE00a332.042222bBUC1 aBuckley, Adrian93649810aInternational finance :ba practical perspective /cAdrian Buckley. aHarlow, United Kingdom :bPearson,c2012e([Gosport, United Kingdom] :fAshford Colour Press Ltd.) axix, 652 p. :bcharts, forms, tables ;c25 cm. aGlossary : p. 610-635. aIndex : p. 644-652.  aBibliography : p. 636-643.0 aIntroduction-The international monetary system-Exchange rates : the basic equations-Foreign exchange markets-The balance of payments-Theories and empiricism on exchange rate movements -Definitions of foreign exchange risk-Does foreign exchange exposure matter ? -Principles of exposure management-International techniques of exposure management-External techniques of exposure management-Swaps-Financial futures and foreign exchange-Options-Currency options-Interest rate risk-Financial engineering-Credit default swaps-The financial crisis of 2007 : a synopsis-The internationalisation process-Exchange controls and corporate tax in international investment- The international capital budgeting framework-The international capital budgeting model-International investment : what discount rate?-Country risk analysis and political risk-International capital budgeting : the practicalities-Financing the multinational and its overseas subsidiaries-Financing international trade and minimising credit risk-Practical problems in hedging-Miscellaneous issues in international finance. 0aInternational finance91619 bBUSADMcNovember2014 vreading book934232 2ddck332.042 BUC c18603d18575 00102ddc40708BaccahaMAINbMAINc1STd2014-11-12epurchaseg238.00h20677l2m13o332.042 BUCp000036983r2025-07-15 00:00:00s2018-11-08v297.50yBB